|
|
|
|
| LEADER |
01274nam a22003614a 4500 |
| 001 |
EBC3385459 |
| 003 |
MiAaPQ |
| 005 |
20200520144314.0 |
| 006 |
m o d | |
| 007 |
cr cn||||||||| |
| 008 |
050303s2005 dcua sb 001 0 eng |
| 010 |
|
|
|z 2005043367
|
| 020 |
|
|
|z 0881323829 (pbk.)
|
| 035 |
|
|
|a (MiAaPQ)EBC3385459
|
| 035 |
|
|
|a (Au-PeEL)EBL3385459
|
| 035 |
|
|
|a (CaPaEBR)ebr10199740
|
| 035 |
|
|
|a (CaONFJC)MIL106100
|
| 035 |
|
|
|a (OCoLC)213306152
|
| 040 |
|
|
|a MiAaPQ
|c MiAaPQ
|d MiAaPQ
|
| 043 |
|
|
|a n-us---
|
| 050 |
|
4 |
|a HF1455
|b .D48 2005
|
| 082 |
0 |
4 |
|a 382/.3/0973
|2 22
|
| 100 |
1 |
|
|a Destler, I. M.
|
| 245 |
1 |
0 |
|a American trade politics
|h [electronic resource] /
|c I.M. Destler.
|
| 250 |
|
|
|a 4th ed.
|
| 260 |
|
|
|a Washington, DC :
|b Institute for International Economics,
|c c2005.
|
| 300 |
|
|
|a xvii, 373 p. :
|b ill.
|
| 504 |
|
|
|a Includes bibliographical references and index.
|
| 533 |
|
|
|a Electronic reproduction. Ann Arbor, MI : ProQuest, 2015. Available via World Wide Web. Access may be limited to ProQuest affiliated libraries.
|
| 651 |
|
0 |
|a United States
|x Commercial policy.
|
| 655 |
|
4 |
|a Electronic books.
|
| 710 |
2 |
|
|a ProQuest (Firm)
|
| 856 |
4 |
0 |
|u https://ebookcentral.proquest.com/lib/matrademy/detail.action?docID=3385459
|z Click to View
|